Game Theory and Economic Analysis : A Quiet Revolution in Economics /

Shranjeno v:
Bibliografske podrobnosti
Glavni avtor: Schmidt, Christian (ed.)
Format: Knjiga
Jezik:angleščina
Izdano: Londres, Inglaterra : Routledge, 2002, c2002
Serija:(Routledge Advances in Game Theory)
Teme:
Oznake: Označite
Brez oznak, prvi označite!

MARC

LEADER 00000nam^a2200000^a^4500
001 000176029
005 20250521000000.0
009 20260310101626.729
020 |a 0-415-25987-8 
037 |a Acervo ITESO - Biblioteca 
041 |a ING 
082 |a 330. 0151  |b SCH 
100 |a Schmidt, Christian  |e (ed.) 
245 1 0 |a Game Theory and Economic Analysis :  |b A Quiet Revolution in Economics /  |c Ed. de C. Scmidt. 
264 4 |a Londres, Inglaterra :  |b Routledge,  |c 2002, c2002 
300 |a VII, 193 p. 
336 |a texto  |b txt  |2 rdacontenido 
337 |a sin mediación  |b n  |2 rdamedio 
338 |a volumen  |b nc  |2 rdasoporte 
440 1 |a (Routledge Advances in Game Theory) 
649 |a XX 
650 |a Análisis Económico 
650 |a Modelos Matemáticos 
650 |a Teoría de Juegos 
650 |a Probabilidad 
650 |a Toma de Decisiones 
650 |a Economía -  |x Teoría 
650 |a Matemáticas 
910 |a Fondo General 
920 |a Impresos - Libros 
930 |a Colección General 
905 |a 101 
901 |a 0500114647  |b IT1  |c ACC  |u 20250521 
902 |a https://opac.biblio.iteso.mx/vufind/Record/000176029